| 000 | 00956pam a2200289 a 4500 | ||
|---|---|---|---|
| 001 | 016152003 | ||
| 003 | OSt | ||
| 005 | 20140116154656.0 | ||
| 008 | 120815t2013 xxkak frbd f001 0 eng d | ||
| 020 | _a9780199644667 (pbk.) | ||
| 020 | _a0199644667 (pbk.) | ||
| 040 |
_aStDuBDS _beng _cStDuBDS _dUk |
||
| 082 | 0 | 4 |
_a658.4 _222 _bMAL |
| 100 | 1 |
_aMallin, Chris A. _934846 |
|
| 245 | 1 | 0 |
_aCorporate governance / _cChristine A. Mallin. |
| 250 | _a4th ed. | ||
| 260 |
_aOxford, United Kingdom : _bOxford University Press, _cc.2013 _e(Hampshire, United Kingdom : _fAshford Colour Press Ltd.) |
||
| 300 |
_axxii, 384 p. : _bforms, tables ; _c25 cm. |
||
| 500 | _aIndex : p. 371-384. | ||
| 500 | _aInclude glossary. | ||
| 504 | _aIncludes bibliographical references. | ||
| 650 | 0 |
_aCorporate governance. _94335 |
|
| 653 |
_bBus _cJanuary2014 |
||
| 655 |
_vreading book _934232 |
||
| 690 | 7 |
_aManagement and Business Studies _2blcoll |
|
| 942 |
_2ddc _k658.4 MAL |
||
| 999 |
_c17923 _d17895 |
||